| 000 | 00358nam a2200145Ia 4500 | ||
|---|---|---|---|
| 008 | 230711s9999||||xx |||||||||||||| ||und|| | ||
| 041 | _aENG | ||
| 082 |
_a720 _bEG-A |
||
| 100 | _aEgan,M.David | ||
| 245 | 0 | _aArchitectural acoustics | |
| 250 | _a1st Ed. | ||
| 260 |
_c1988 _aNew York _bTata McGraw Hill Education Limited |
||
| 650 | _aArchitecture | ||
| 942 | _cBK | ||
| 999 |
_c318 _d318 |
||